|
|
|
|
| LEADER |
00000nab a2200000uu 4500 |
| 001 |
vtls010915424 |
| 003 |
SK-MaSNL |
| 005 |
20260303150524.0 |
| 008 |
230222|1967 xo |||||||||||||||||slo| |
| 015 |
|
|
|a SNBRB
|
| 035 |
|
|
|a (urnnbn)urn:nbn:sk:snk:ar-a09dhu
|
| 035 |
|
|
|a (uuid)c3504de1-d212-4d3d-9b75-21bf8a070e1b
|
| 035 |
|
|
|a urn:nbn:sk:snk-ab93pv
|
| 040 |
|
|
|a SNKBUCL
|b slo
|c SNKBUCL
|e AACR2
|
| 041 |
0 |
|
|a slo
|
| 044 |
|
|
|a xo
|c SK
|
| 100 |
1 |
|
|a (eka)
|4 aut
|9 986401
|
| 245 |
1 |
0 |
|a P. I. Čajkovskij, Dopisy
|c (Eka{Rpara}, J. Fromková
|
| 700 |
1 |
|
|a Fromková, J.
|4 trl
|9 1169528
|
| 773 |
0 |
|
|t Slovenské divadlo : revue dramatických umení
|g Roč. 15, č. 1 (1967), s. 132-133
|
| 954 |
|
|
|a odborná, vedecká literatúra pôvodná (slovenská)
|2 lita
|
| 958 |
|
|
|a OND
|
| 958 |
|
|
|a EUIPO
|
| 958 |
|
|
|a article10
|
| 999 |
|
|
|c 2011307
|d 2013237
|